00373nam a2200145 a 4500001000500000005001700005008004100022020001800063050002000081100001700101245002900118260002500147300003000172650002500202184820140414131850.0010423s19uu xx 00 eng d a0-14-055996-5 aM 411bB37 1996 aBase, Graeme aAnimalia /cGraeme Base. bPuffin Books,c1996. a1v. (unp.) : ill. ; cm. aAnimal picture book.